书目信息 |
| 书名: | Optics | |
| 作者: | [by] Eugene Hecht [and] Alfred Zaj馻c. | |
| 分册号: | ||
| 分册名: | 出版地: | Reading, Mass. : |
|
| 出版社: | Addison-Wesley Publishing | |
| 出版时间: | c1974. | |
| 页数: | viii, 565 p. : | |
| 开本: | 25 cm. | |
| 丛书名: | Addison-Wesley series in physics | |
| 中图分类号: | ||
| 科图分类号: | ||
| 其他分类号: | O43:H31 | |
| 主题词: | ||
| 电子资源: | ||
| 000 | 00716cam 2200253 a 4500 | |
| 001 | E0730394464 | |
| 005 | 20070302083008.82 | |
| 008 | 740408s1974 maua b 001 0 eng | |
| 010 | @a 79184159 | |
| 020 | @a0201028352. | |
| 040 | @aDLC@cDLC@dNUL | |
| 050 | 00 | @aQC355.2@b.H42 |
| 082 | @a535 | |
| 090 | @aP35/W13 | |
| 090 | @aO43:H31 | |
| 099 | @dO43:H31@ex38 | |
| 100 | 1 | @aHecht, Eugene. |
| 245 | 00 | @aOptics / @c[by] Eugene Hecht [and] Alfred Zaj馻c. |
| 260 | @aReading, Mass. :@bAddison-Wesley Publishing,@cc1974. | |
| 300 | @aviii, 565 p. :@bill. ;@c25 cm. | |
| 440 | 0 | @aAddison-Wesley series in physics |
| 500 | @aXerox-copy. | |
| 650 | 0 | @aOptics. |
| 700 | 1 | @aZaj馻c, Alfred. |
| Optics / / [by] Eugene Hecht [and] Alfred Zaj馻c.-Reading, Mass. : : Addison-Wesley Publishing, , c1974. |
| viii, 565 p. : : ill. ; ; 25 cm.- (Addison-Wesley series in physics ) |
| Xerox-copy. |
| ISBN 0201028352. |
| ● |
| 相关链接 |
|
|
|
|
正题名:Optics
索取号:O43:H31/x38
 
预约/预借
| 序号 | 登录号 | 条形码 | 馆藏地/架位号 | 状态 | 备注 |
| 1 | 129524 | 000637742 | 第四借阅区/ [索取号:O43:H31/x38] | 在馆 | |
| 2 | 129525 | 000637751 | 第四借阅区/ [索取号:O43:H31/x38] | 在馆 | |
| 3 | 129526 | 000637724 | 第四借阅区/ [索取号:O43:H31/x38] | 在馆 | |
| 4 | 129527 | 000637733 | 第四借阅区/ [索取号:O43:H31/x38] | 在馆 | |
| 5 | 129528 | 000637760 | 第二样本阅览室/ [索取号:O43:H31/x38] | 在馆 |